[Event "Mistrzostwa Polski Juniorow do lat 18 - Chlopcy"]
[Site "Szklarska Poreba"]
[Date "1899-12-30"]
[Round "4.16"]
[White "Posluszny, Tomasz"]
[Black "Maciejewski, Kamil"]
[Result "1/2-1/2"]
[WhiteTitle "I++"]
[BlackTitle "I++"]
[WhiteElo "2023"]
[BlackElo "1791"]

1. d4 Nf6 2. c4 e6 3. Nc3 Bb4 4. Bf4 O-O 5. e3 d6 6. Nge2 Nc6 7. a3 Bxc3+ 8. Nxc3
e5 9. dxe5 Nxe5 10. Qd4 Nc6 11. Qd3 Ne5 12. Qd4 Nc6 13. Qd3 Ne5 14. Qd4 1/2-1/2

[Event "Mistrzostwa Polski Juniorow do lat 18 - Chlopcy"]
[Site "Szklarska Poreba"]
[Date "1899-12-30"]
[Round "4.17"]
[White "Kozlowski, Pawel"]
[Black "Dzwierzynski, Bartosz"]
[Result "1-0"]
[WhiteTitle "I"]
[BlackTitle "I"]
[WhiteElo "1836"]
[BlackElo "1944"]

1. e4 c5 2. Nc3 Nc6 3. g3 g6 4. Bg2 Bg7 5. d3 e6 6. Be3 d6 7. Qd2 Rb8 8. Nge2 b5
9. O-O Nge7 10. Bh6 O-O 11. h4 Nd4 12. Nxd4 cxd4 13. Ne2 e5 14. c3 dxc3 15. bxc3
Bg4 16. f3 Be6 17. Bxg7 Kxg7 18. h5 f5 19. Kh2 d5 20. Qe3 Nc6 21. exd5 Bxd5 22.
c4 bxc4 23. dxc4 Bf7 24. h6+ Kf6 25. Rfd1 Qb6 26. c5 Qc7 27. Rd6+ Ke7 28. f4 Nd8
29. Qxe5+ Be6 30. Nd4 Rf6 31. Re1 Qc8 32. Bd5 Rb2+ 33. Kh1 Qxc5 34. Nc6+ Nxc6
35. Rxe6+ Rxe6 36. Qxe6+ Kd8 37. Bxc6 1-0

[Event "Mistrzostwa Polski Juniorow do lat 18 - Chlopcy"]
[Site "Szklarska Poreba"]
[Date "1899-12-30"]
[Round "4.18"]
[White "Kucharski, Bartlomiej"]
[Black "Distel, Pawel"]
[Result "1-0"]
[WhiteTitle "I++"]
[BlackTitle "I"]
[WhiteElo "2050"]
[BlackElo "1950"]

1. e4 e6 2. d3 d5 3. Nd2 c5 4. Ngf3 Nc6 5. g3 Bd6 6. Bg2 Nge7 7. O-O O-O 8. Re1
f6 9. c3 d4 10. a4 Rb8 11. Nc4 e5 12. Nh4 Be6 13. f4 a6 14. f5 Bf7 15. g4 b5 16.
axb5 axb5 17. Nxd6 Qxd6 18. g5 fxg5 19. Bxg5 Kh8 20. Qf3 Ng8 21. Ra6 Nf6 22. Bf1
Ra8 23. Rea1 Rxa6 24. Rxa6 Qc7 25. Qf2 Qb7 26. Ra1 c4 27. Nf3 Bh5 28. Nd2 cxd3
29. Bxd3 Ng4 30. Qh4 dxc3 31. bxc3 Qb6+ 32. Kg2 g6 33. h3 Ne3+ 34. Kh1 Qc5 35.
Bh6 Qxc3 36. Bxf8 Qxa1+ 37. Kh2 Nxf5 38. Qf6+ Kg8 39. exf5 Qa7 40. fxg6 hxg6 41.
Bxb5 Nd4 42. Bc4+ Kh7 43. Qf7+ Qxf7 44. Bxf7 Nf3+ 45. Nxf3 Bxf3 46. Kg3 Bd1 47.
h4 Bc2 48. Kg4 Bd3 49. Kg5 Bc2 50. Kf6 Bd3 51. Bg7 Bc2 52. Be6 e4 53. Kf7 e3 54.
Kf8 g5 55. h5 1-0

[Event "Mistrzostwa Polski Juniorow do lat 18 - Chlopcy"]
[Site "Szklarska Poreba"]
[Date "1899-12-30"]
[Round "4.19"]
[White "Zerebiec, Maurycy"]
[Black "Bujalski, Mateusz"]
[Result "0-1"]
[WhiteTitle "I+"]
[BlackTitle "I"]
[WhiteElo "1982"]
[BlackElo "1920"]

1. e4 c5 2. Nf3 Nc6 3. Bb5 Nf6 4. d3 e6 5. O-O Be7 6. h3 O-O 7. Be3 Qc7 8. c3 e5
9. Nbd2 d5 10. Bg5 a6 11. Bxc6 bxc6 12. Qc2 Be6 13. d4 exd4 14. cxd4 c4 15. e5
Nh5 16. Bxe7 Qxe7 17. b3 Nf4 18. Kh2 Qd7 19. g4 Bxg4 20. e6 Bxe6 21. Nh4 cxb3
22. axb3 Nxh3 23. Ndf3 Qd6+ 24. Kg2 Qf4 25. Rh1 g5 26. Rxh3 Bxh3+ 27. Kxh3 g4+
28. Kg2 gxf3+ 29. Kh3 Kh8 30. Qxc6 Rg8 31. Rg1 Rxg1 32. Qxa8+ Rg8 33. Ng6+ hxg6
34. Qxd5 Kg7 0-1

[Event "Mistrzostwa Polski Juniorow do lat 18 - Chlopcy"]
[Site "Szklarska Poreba"]
[Date "1899-12-30"]
[Round "4.20"]
[White "Kulesza, Andrzej"]
[Black "Ossolinski, Ziemowit"]
[Result "1/2-1/2"]
[WhiteTitle "I+"]
[BlackTitle "I+"]
[WhiteElo "1928"]
[BlackElo "1880"]

1. e4 d5 2. exd5 Qxd5 3. Nf3 Nf6 4. d4 Bg4 5. Be2 Nc6 6. h3 Bf5 7. O-O e6 8. c4
Qd7 9. Nc3 Bb4 10. Be3 O-O 11. a3 Bxc3 12. bxc3 Ne4 13. Qb3 Qe7 14. Nd2 Rab8 15.
Nxe4 Bxe4 16. f3 Bf5 17. Rfe1 b6 18. Qa4 Na5 19. c5 Rfd8 20. Bf1 Qd7 21. Bb5 c6
22. Bf1 Qc7 23. cxb6 axb6 24. c4 Ra8 25. Ra2 Qg3 26. Bf2 Qg6 27. Qb4 Rdb8 28.
Kh1 Bd3 29. Rd2 Bxf1 30. Rxf1 b5 31. cxb5 cxb5 32. Rc1 h6 33. Ra2 Qg5 1/2-1/2

[Event "Mistrzostwa Polski Juniorow do lat 18 - Chlopcy"]
[Site "Szklarska Poreba"]
[Date "1899-12-30"]
[Round "5.1"]
[White "Szpar, Milosz"]
[Black "Kosakowski, Jakub"]
[Result "1/2-1/2"]
[WhiteTitle "FM"]
[BlackTitle "FM"]
[WhiteElo "2305"]
[BlackElo "2413"]

1. e4 e5 2. Nf3 Nc6 3. Bb5 a6 4. Ba4 Nf6 5. O-O Be7 6. Re1 b5 7. Bb3 d6 8. c3 O-O
9. h3 a5 10. d4 a4 11. Bc2 Bd7 12. Nbd2 Re8 13. Nf1 h6 14. Bd3 Qb8 15. Ne3 exd4
16. cxd4 Bf8 17. Nc2 Qb7 18. Bd2 Ne7 19. Bc3 d5 20. e5 Ne4 21. Bb4 c5 22. dxc5
Nc6 23. Bxe4 dxe4 24. Rxe4 Bf5 25. Rf4 Rad8 26. Qc1 Bh7 27. Bc3 Bxc5 28. Nb4 Bxb4
29. Bxb4 Nxe5 30. Nxe5 Rxe5 31. Rg4 Re4 1/2-1/2

[Event "Mistrzostwa Polski Juniorow do lat 18 - Chlopcy"]
[Site "Szklarska Poreba"]
[Date "1899-12-30"]
[Round "5.2"]
[White "Teclaf, Pawel"]
[Black "Fus, Jakub"]
[Result "1/2-1/2"]
[WhiteTitle "IM"]
[BlackTitle "FM"]
[WhiteElo "2453"]
[BlackElo "2357"]

1. e4 c6 2. d4 d5 3. f3 e6 4. Nc3 Bb4 5. Bd2 Ne7 6. Nce2 Bxd2+ 7. Qxd2 O-O 8. O-O-O
Qc7 9. Ng3 c5 10. dxc5 Nd7 11. N1e2 Nxc5 12. Nc3 dxe4 13. Ngxe4 Nxe4 14. Nxe4
Nd5 15. Kb1 b5 16. Bxb5 a6 17. Ba4 Bb7 18. Qf2 Rab8 19. Bb3 Bc6 20. Qc5 a5 21.
Bxd5 exd5 22. Nc3 Qb7 23. b3 a4 24. Rhe1 Qa6 25. Re7 axb3 26. cxb3 Bb5 27. Rxd5
Qg6+ 28. Ka1 Rbc8 29. Rc7 Rxc7 30. Qxc7 Be8 31. Rd2 Qe6 32. Kb2 h6 33. Qd6 Qe3
34. Qd4 Qe1 35. Re2 Qh1 36. Qd6 Qg1 37. a4 f6 38. a5 Bf7 39. h3 Rc8 40. Rd2 Qe3
41. Qd4 Qe6 42. Nd5 Kh8 43. Qb4 Qe1 44. Nb6 Qc1+ 1/2-1/2

[Event "Mistrzostwa Polski Juniorow do lat 18 - Chlopcy"]
[Site "Szklarska Poreba"]
[Date "1899-12-30"]
[Round "5.3"]
[White "Galuszka, Tomasz"]
[Black "Godzwon, Iwo"]
[Result "0-1"]
[WhiteTitle "k+"]
[BlackTitle "FM"]
[WhiteElo "2221"]
[BlackElo "2352"]

1. e4 c5 2. Nf3 Nc6 3. d4 cxd4 4. Nxd4 Qb6 5. Nb3 Nf6 6. Nc3 e6 7. Be3 Qc7 8. g3
Bb4 9. Bg2 Ne5 10. O-O Nc4 11. Nb5 Qe5 12. a4 Nxe3 13. fxe3 a6 14. Qd4 Qxd4 15.
N5xd4 Ng4 16. c3 Be7 17. Rfe1 Bg5 18. Nc2 Ne5 19. Nbd4 b6 20. Nf3 Nxf3+ 21. Bxf3
Bb7 22. Kf2 Bd8 23. e5 Bxf3 24. Kxf3 Bc7 25. Ke4 h5 26. Na3 f5+ 27. exf6 gxf6
28. Nc2 h4 29. Rh1 Ke7 30. g4 h3 31. Kf3 Rhg8 32. Nb4 Rg5 33. Nd3 Rag8 34. Nf2
f5 35. Rhg1 Bxh2 36. Rh1 Bc7 0-1

[Event "Mistrzostwa Polski Juniorow do lat 18 - Chlopcy"]
[Site "Szklarska Poreba"]
[Date "1899-12-30"]
[Round "5.4"]
[White "Polczyk, Mikolaj"]
[Black "Pacan-milej, Kosma"]
[Result "0-1"]
[WhiteTitle "k"]
[BlackTitle "FM"]
[WhiteElo "2132"]
[BlackElo "2333"]

1. d4 f5 2. c4 Nf6 3. g3 g6 4. Bg2 Bg7 5. Nc3 O-O 6. Nf3 d6 7. O-O e6 8. Re1 Ne4
9. Nxe4 fxe4 10. Ng5 d5 11. Nh3 Nc6 12. e3 e5 13. cxd5 Bxh3 14. Bxh3 Qxd5 15.
Bg2 exd4 16. exd4 Rae8 17. Qc2 Nxd4 18. Bxe4 Nf3+ 19. Kf1 Qe6 20. Bxf3 Qxe1+ 21.
Kg2 Rxf3 22. Kxf3 Qh1+ 23. Kg4 Qxh2 0-1

[Event "Mistrzostwa Polski Juniorow do lat 18 - Chlopcy"]
[Site "Szklarska Poreba"]
[Date "1899-12-30"]
[Round "5.5"]
[White "Kokoszczynski, Jan"]
[Black "Pniaczek, Marek"]
[Result "1-0"]
[WhiteTitle "FM"]
[BlackTitle "CM"]
[WhiteElo "2314"]
[BlackElo "2109"]

1. d4 Nf6 2. c4 g6 3. Nc3 Bg7 4. Nf3 O-O 5. g3 d5 6. Bg2 Nc6 7. cxd5 Nxd5 8. O-O
e5 9. Nxd5 e4 10. Ne5 Qxd5 11. Nxc6 Qxc6 12. Bf4 f5 13. Rc1 Qd5 14. Rxc7 Qxa2
15. Qd2 Be6 16. Rxb7 Qd5 17. Rxg7+ Kxg7 18. Bh6+ Kg8 19. Bxf8 Rxf8 20. Rc1 Rc8
21. Rxc8+ Bxc8 22. e3 Ba6 23. Qb4 Qc4 24. Qb8+ Qc8 25. Qxc8+ Bxc8 26. Kf1 Kf7
27. Ke1 Ke7 28. Bf1 Kd6 29. Kd2 a5 30. Kc3 Bd7 31. Bc4 g5 32. Bg8 h6 33. Kc4 Be8
34. h3 Ba4 35. d5 Bd7 36. Be6 Bxe6 37. dxe6 Kxe6 38. Kb5 h5 39. Kxa5 f4 40. g4
1-0

[Event "Mistrzostwa Polski Juniorow do lat 18 - Chlopcy"]
[Site "Szklarska Poreba"]
[Date "1899-12-30"]
[Round "5.6"]
[White "Mis, Mieszko"]
[Black "Dixa, Oskar"]
[Result "1-0"]
[WhiteTitle "FM"]
[BlackTitle "k"]
[WhiteElo "2356"]
[BlackElo "2052"]

1. d4 Nf6 2. c4 e6 3. Nf3 d5 4. Nc3 Be7 5. Bf4 O-O 6. Rc1 c6 7. e3 b6 8. h3 Bb7
9. Bd3 dxc4 10. Bxc4 c5 11. O-O Nc6 12. dxc5 Bxc5 13. Qe2 Qc8 14. Na4 Be7 15.
Bb5 Nd7 16. Nd4 Nc5 17. Nxc6 Bxc6 18. b4 Bxb5 19. Qxb5 Qa6 20. Rxc5 1-0

[Event "Mistrzostwa Polski Juniorow do lat 18 - Chlopcy"]
[Site "Szklarska Poreba"]
[Date "1899-12-30"]
[Round "5.7"]
[White "Nowak, Mikolaj"]
[Black "Lis, Mateusz"]
[Result "1/2-1/2"]
[WhiteTitle "k"]
[BlackTitle "k"]
[WhiteElo "2296"]
[BlackElo "2036"]

1. Nf3 f5 2. d3 Nc6 3. e4 e5 4. d4 fxe4 5. Nxe5 Nf6 6. Bc4 d5 7. Bb5 Bd7 8. c4
Bd6 9. Nxd7 Qxd7 10. Nc3 Bb4 11. cxd5 Qxd5 12. Qa4 O-O 13. O-O Qd6 14. Bxc6 bxc6
15. Ne2 Qe7 16. Qxc6 Bd6 17. Bf4 Rab8 18. b3 Rb6 19. Qc4+ Kh8 20. Bxd6 Rxd6 21.
Ng3 Nd5 22. Rae1 e3 23. fxe3 Rxf1+ 24. Rxf1 Qxe3+ 25. Kh1 g6 26. Qe2 Qxe2 27.
Nxe2 Re6 28. Ng1 Kg7 29. Rc1 Re4 30. Nf3 Re2 31. Rc5 c6 32. Ra5 Nf4 33. g3 Nd3
34. Rxa7+ Kh6 35. Ne5 Nxe5 36. dxe5 Rxe5 37. a4 Re2 38. Rb7 Rb2 39. Rb4 c5 40.
Rb5 Rc2 41. a5 c4 42. b4 Rb2 43. a6 c3 44. a7 Ra2 45. Rc5 Rxa7 46. Rxc3 Ra1+ 47.
Kg2 Rb1 48. Rc4 Rb2+ 49. Kh3 Kg5 50. Rc5+ Kf6 51. b5 h5 52. g4 hxg4+ 53. Kg3 g5
1/2-1/2

[Event "Mistrzostwa Polski Juniorow do lat 18 - Chlopcy"]
[Site "Szklarska Poreba"]
[Date "1899-12-30"]
[Round "5.8"]
[White "Golecki, Jan"]
[Black "Bojczewski, Mateusz"]
[Result "1-0"]
[WhiteTitle "k"]
[BlackTitle "I+"]
[WhiteElo "2172"]
[BlackElo "1788"]

1. e4 c6 2. d4 d5 3. exd5 cxd5 4. Bd3 Nf6 5. c3 Nc6 6. Bf4 Bg4 7. Qb3 Qd7 8. Nd2
e6 9. Ngf3 Be7 10. O-O O-O 11. Rfe1 Bxf3 12. Nxf3 Na5 13. Qc2 Nc4 14. Ne5 Qc8
15. Rac1 h6 16. Qe2 Nd6 17. Bb1 Nfe4 18. Qd3 Bg5 19. Bxg5 Nxg5 20. h4 Nge4 21.
f3 Nf6 22. g4 Rd8 23. g5 hxg5 24. hxg5 Nfe8 25. Kf2 Nf5 26. g6 Ned6 27. Qf1 f6
28. Bxf5 Nxf5 29. Nf7 Rf8 30. Qh3 Rxf7 31. Qh7+ Kf8 32. gxf7 Kxf7 33. Qh5+ Kf8
34. Re2 Nxd4 35. cxd4 1-0

[Event "Mistrzostwa Polski Juniorow do lat 18 - Chlopcy"]
[Site "Szklarska Poreba"]
[Date "1899-12-30"]
[Round "5.9"]
[White "Psyk, Radoslaw"]
[Black "Chaczynski, Kamil"]
[Result "1-0"]
[WhiteTitle "k++"]
[BlackTitle "I+"]
[WhiteElo "2343"]
[BlackElo "1894"]

1. e4 e6 2. d4 d5 3. Nd2 c5 4. exd5 Qxd5 5. Ngf3 cxd4 6. Bc4 Qd7 7. O-O Nc6 8.
Nb3 a6 9. Re1 Nf6 10. Nbxd4 Nxd4 11. Nxd4 Qc7 12. Bf1 Be7 13. Qf3 O-O 14. Bf4
Qc5 15. Rad1 Nd5 16. Be5 f6 17. Bg3 Qb6 18. Bc4 Rd8 19. Nxe6 Bxe6 20. Rxe6 Qxe6
21. Bxd5 Rxd5 22. Qxd5 Kf7 23. Kf1 Rd8 24. Qxe6+ Kxe6 25. Rxd8 Bxd8 26. Ke2 h5
27. Bb8 g5 28. c4 Bb6 29. f3 h4 30. h3 a5 31. b3 f5 32. Kd3 Bd8 33. Ba7 Ke5 34.
Ke3 Bc7 35. Bd4+ Ke6 36. Kd3 Kf7 37. Be3 Bd8 38. Kd4 Ke6 39. Kc5 Ke5 40. Kb5 g4
41. hxg4 fxg4 42. fxg4 1-0

[Event "Mistrzostwa Polski Juniorow do lat 18 - Chlopcy"]
[Site "Szklarska Poreba"]
[Date "1899-12-30"]
[Round "5.10"]
[White "Piekielny, Pawel"]
[Black "Majocha, Piotr"]
[Result "1-0"]
[WhiteTitle "k"]
[BlackTitle "I++"]
[WhiteElo "2104"]
[BlackElo "1890"]

1. e4 e6 2. d4 d5 3. Nd2 c5 4. exd5 Qxd5 5. Ngf3 cxd4 6. Bc4 Qd6 7. Qe2 Nf6 8.
Nb3 Nc6 9. Bg5 a6 10. O-O-O b5 11. Bd3 Be7 12. Nbxd4 Bb7 13. Nxc6 Qxc6 14. Ne5
Qc7 15. Kb1 O-O 16. f4 Rfd8 17. Rhe1 Bd5 18. Ng4 Nxg4 19. Qxg4 Bxg5 20. Qxg5 h6
21. Qh4 Bc4 22. Bxc4 Rxd1+ 23. Rxd1 Qxc4 24. Qf2 Qc7 25. Qd4 Rc8 26. c3 Qc4 27.
g3 Qxd4 28. Rxd4 Rc6 29. a4 bxa4 30. Rxa4 f6 31. Ra5 Kf7 32. Kc2 g5 33. b4 Ke7
34. Kb3 Kd6 35. c4 gxf4 36. gxf4 e5 37. f5 Kc7 38. c5 Kb7 39. Kc4 Rc8 40. Kd5
Rd8+ 41. Ke6 e4 42. Kxf6 e3 43. Ra2 Rd2 44. Ra3 Rxh2 45. Rxe3 Kc6 46. Ke7 a5 47.
bxa5 Kxc5 48. f6 Rb2 49. f7 Rb7+ 50. Kf6 1-0

[Event "Mistrzostwa Polski Juniorow do lat 18 - Chlopcy"]
[Site "Szklarska Poreba"]
[Date "1899-12-30"]
[Round "5.11"]
[White "Grochol, Kamil"]
[Black "Kozlowski, Pawel"]
[Result "1/2-1/2"]
[WhiteTitle "I+"]
[BlackTitle "I"]
[WhiteElo "2030"]
[BlackElo "1836"]

1. e4 g6 2. d4 Bg7 3. Nc3 d6 4. f4 a6 5. Nf3 e6 6. Bd3 Ne7 7. Be3 O-O 8. O-O h6
9. Bf2 b5 10. a4 b4 11. Ne2 f5 12. a5 Nd7 13. Bh4 Bf6 14. Be1 Rb8 15. e5 Bg7 16.
Bc4 d5 17. Bd3 c5 18. dxc5 Nxc5 19. Ned4 Qc7 20. Qe2 Nc6 21. Nxc6 Qxc6 22. Nd4
Qc7 23. Bd2 Rf7 24. g4 Bf8 25. gxf5 gxf5 26. Kh1 Kh7 27. Rg1 Rg7 28. Qh5 Bd7 29.
Rxg7+ Bxg7 30. Rg1 Be8 31. Qh3 Nxd3 32. cxd3 Qf7 33. Qg2 Bd7 34. Qh3 Bf8 35. Nf3
Qe8 36. Be1 d4 37. Bh4 Bc6 38. Bf6 Rb7 39. Qg3 Qf7 40. Rg2 Rc7 41. h3 Bg7 42.
Kh2 Bxf6 43. exf6 Bxf3 44. Qxf3 Qxf6 45. Qa8 Rg7 46. Qxa6 Rxg2+ 47. Kxg2 Qg7+
48. Kf2 Qc7 49. Kf3 Qd7 50. Qb6 Qd5+ 51. Kf2 Kg6 52. a6 Qa2 53. Kg3 Qa1 54. Qxe6+
Kg7 55. Qe5+ Kg6 56. Qd6+ Kh5 57. Qxd4 Qxa6 58. Qd5 Kg6 59. d4 Qd3+ 60. Kh4 Qe3
61. Qd6+ Kh7 62. Qd7+ Kg6 63. Qc6+ Kh7 64. Qc7+ Kg6 65. Qd6+ Kh7 66. Qc7+ Kg6
67. Qb6+ Kh7 68. Qb7+ Kg6 69. Qg2+ Kh7 70. Qb7+ Kg6 71. Qg2+ Kh7 72. Qb7+ Kg6
1/2-1/2

[Event "Mistrzostwa Polski Juniorow do lat 18 - Chlopcy"]
[Site "Szklarska Poreba"]
[Date "1899-12-30"]
[Round "5.12"]
[White "Skowron, Mateusz"]
[Black "Derylo, Kamil"]
[Result "1-0"]
[WhiteTitle "I"]
[BlackTitle "I++"]
[WhiteElo "1729"]
[BlackElo "2083"]

1. e4 e5 2. Nf3 Nc6 3. Bb5 a6 4. Ba4 Nf6 5. d3 d6 6. c3 g6 7. Nbd2 Bg7 8. Nf1 O-O
9. Ng3 Nd7 10. O-O Nc5 11. Bc2 Ne6 12. Ne2 Ne7 13. d4 exd4 14. Nfxd4 Nxd4 15.
Nxd4 b6 16. Bg5 Bd7 17. f4 c5 18. Nf3 f6 19. Bh4 Bc6 20. Qe1 Qc7 21. Qg3 d5 22.
e5 fxe5 23. Nxe5 Nf5 24. Bxf5 Rxf5 25. Rae1 Bb7 26. Ng4 Rf7 27. Re2 b5 28. Bg5
d4 29. h4 Kh8 30. Rfe1 Qc6 31. Re6 Qd5 32. Nh6 Rff8 33. Re7 Bc6 34. h5 Be8 35.
f5 dxc3 36. bxc3 Bc6 37. hxg6 Rae8 38. Nf7+ Kg8 39. gxh7+ Kxh7 40. Qh3+ Kg8 41.
Qh8+ Bxh8 42. Nh6# 1-0

[Event "Mistrzostwa Polski Juniorow do lat 18 - Chlopcy"]
[Site "Szklarska Poreba"]
[Date "1899-12-30"]
[Round "5.13"]
[White "Kozak, Antoni"]
[Black "Posluszny, Tomasz"]
[Result "1-0"]
[WhiteTitle "m"]
[BlackTitle "I++"]
[WhiteElo "2372"]
[BlackElo "2023"]

1. c4 e6 2. Nf3 b6 3. g3 Bb7 4. Bg2 c5 5. O-O Nf6 6. Nc3 Be7 7. d4 cxd4 8. Qxd4
Nc6 9. Qf4 d6 10. Rd1 a6 11. b3 Qc7 12. Ba3 Rd8 13. Rac1 Ne5 14. e4 O-O 15. Nd4
Rfe8 16. Qe3 Bf8 17. h3 Qb8 18. g4 Nc6 19. Nde2 Ba8 20. g5 Nd7 21. Qg3 Nc5 22.
b4 Nd7 23. b5 Nce5 24. bxa6 Nxc4 25. Bb4 e5 26. Nb5 Bc6 27. a4 Bxb5 28. axb5 Nb2
29. Rd2 Na4 30. Ra1 Nac5 31. Qa3 Qa7 32. Nc3 Rc8 33. Nd5 Red8 34. h4 g6 35. Qe3
Ne6 36. Bh3 Ndc5 37. Rad1 Qb8 38. h5 Bg7 39. Ne7+ Kf8 40. Nxc8 Qxc8 41. h6 Bh8
42. Bxc5 1-0

[Event "Mistrzostwa Polski Juniorow do lat 18 - Chlopcy"]
[Site "Szklarska Poreba"]
[Date "1899-12-30"]
[Round "5.14"]
[White "Bujalski, Mateusz"]
[Black "Golenia, Jan"]
[Result "1/2-1/2"]
[WhiteTitle "I"]
[BlackTitle "I++"]
[WhiteElo "1920"]
[BlackElo "2119"]

1. e4 e5 2. Nf3 Nc6 3. Bc4 Be7 4. d3 Nf6 5. O-O d6 6. Be3 O-O 7. c3 Kh8 8. Nbd2
Ng4 9. Qe2 f5 10. exf5 Bxf5 11. Bd5 Qd7 12. Bg5 Nf6 13. Bb3 h6 14. Bh4 Rae8 15.
Ne4 Nh5 16. Qe3 Nf4 17. Bc2 Nxg2 18. Kxg2 Bh3+ 19. Kh1 Qg4 20. Rg1 Qxf3+ 21. Qxf3
Rxf3 22. Bxe7 Nxe7 23. Rg3 Ref8 24. Rag1 Rxg3 25. Rxg3 Be6 26. Kg1 Rf4 27. Bb3
Bd7 28. Nd2 Bc6 29. f3 Nf5 30. Rg4 g5 31. Kf2 Kg7 32. a3 Kf6 33. Ne4+ Bxe4 34.
dxe4 Nh4 35. Rg3 Ng6 36. Bc4 Rh4 37. h3 Ke7 38. Ke3 c6 39. b3 Nf8 40. Bg8 Nd7
41. Bh7 Nf6 42. Bf5 Nh5 43. Rg1 Ng7 44. Bg4 Kd8 45. Rd1 Kc7 46. Rg1 Ne8 47. Rd1
Nf6 48. Bf5 Rf4 49. c4 Ne8 50. Bg4 Ng7 51. c5 Rf6 52. h4 gxh4 53. b4 Rg6 54. Rd2
h5 55. Bh3 Ne8 56. Bf5 Rg1 57. Rh2 Ra1 58. Rxh4 Rxa3+ 59. Ke2 dxc5 60. bxc5 Nf6
61. f4 exf4 62. Rxf4 Rc3 63. Be6 Nxe4 64. Rxe4 Rxc5 65. Bf7 Rf5 66. Bg6 Rg5 67.
Bf7 a5 68. Kd2 b5 69. Rh4 Kb6 70. Bxh5 a4 71. Kc3 c5 72. Bf7 Rg3+ 73. Kb2 Ka5
74. Bd5 Rd3 75. Bf7 Rf3 76. Bd5 Rd3 77. Bf7 Rd4 78. Rh2 Kb4 79. Bg6 Rg4 80. Bf5
Rf4 81. Bc2 c4 82. Rg2 Rd4 83. Rh2 c3+ 84. Ka2 Rd2 85. Rh4+ Ka5 86. Kb1 a3 87.
Rh5 a2+ 88. Kxa2 Rxc2+ 89. Kb3 Rc1 90. Rc5 c2 91. Kb2 Rh1 92. Kxc2 Kb4 93. Rg5
Rh2+ 94. Kb1 Ka4 95. Rg3 b4 96. Rf3 Rh5 97. Rg3 Rc5 98. Kb2 Rf5 99. Rh3 1/2-1/2

[Event "Mistrzostwa Polski Juniorow do lat 18 - Chlopcy"]
[Site "Szklarska Poreba"]
[Date "1899-12-30"]
[Round "5.15"]
[White "Maciejewski, Kamil"]
[Black "Musial, Tomasz"]
[Result "1/2-1/2"]
[WhiteTitle "I++"]
[BlackTitle "k"]
[WhiteElo "1791"]
[BlackElo "2051"]

1. Nf3 d5 2. g3 Nc6 3. d4 Bf5 4. Bg2 Nb4 5. Na3 e6 6. Bf4 Bd6 7. Bxd6 cxd6 8. c3
Nc6 9. Nh4 Bg6 10. Nxg6 hxg6 11. Qd3 Nf6 12. f3 e5 13. e3 Qe7 14. O-O O-O-O 15.
c4 Kb8 16. Rfe1 dxc4 17. Nxc4 d5 18. Nxe5 Nxe5 19. dxe5 Qxe5 20. Qd4 Qxd4 21.
exd4 Rhe8 22. Kf2 Rc8 23. Rxe8 Nxe8 24. Re1 Rc2+ 25. Re2 Rxe2+ 26. Kxe2 Kc7 27.
Kd3 Kc6 28. Bf1 Nd6 29. Kc3 g5 30. Bd3 Ne8 31. Bc2 Nf6 32. Ba4+ Kd6 33. Bd1 Ne8
34. Be2 Nc7 35. Bd3 Kc6 36. Be2 Ne8 37. Bd1 Kd6 38. Be2 Nc7 39. Bd3 Kc6 40. Be2
Kd6 1/2-1/2

[Event "Mistrzostwa Polski Juniorow do lat 18 - Chlopcy"]
[Site "Szklarska Poreba"]
[Date "1899-12-30"]
[Round "5.16"]
[White "Iwanczuk, Krzysztof"]
[Black "Kucharski, Bartlomiej"]
[Result "1-0"]
[WhiteTitle "I"]
[BlackTitle "I++"]
[WhiteElo "1887"]
[BlackElo "2050"]

1. e4 e5 2. Bc4 Nf6 3. d4 exd4 4. Nf3 Nxe4 5. Qxd4 Nf6 6. Nc3 Be7 7. Bg5 Nc6 8.
Qh4 d6 9. O-O-O Be6 10. Bb5 O-O 11. Bd3 g6 12. Rhe1 h5 13. Bxg6 fxg6 14. Rxe6
Kg7 15. Rde1 Qd7 16. Qf4 Ng8 17. Qe4 Ne5 18. Rxe7+ Nxe7 19. Nxe5 dxe5 20. Qxe5+
Kg8 21. Bxe7 Rf5 22. Qg3 Qc6 23. Bg5 Raf8 24. f3 R8f7 25. h4 Rc5 26. Re4 Kh7 27.
Qe1 Rcf5 28. Re8 Qc4 29. Qe2 Qc5 30. Be3 Qb4 31. Ne4 Rd7 32. Bd2 Qb6 33. Ng5+
Rxg5 34. hxg5 1-0

[Event "Mistrzostwa Polski Juniorow do lat 18 - Chlopcy"]
[Site "Szklarska Poreba"]
[Date "1899-12-30"]
[Round "5.17"]
[White "Golenia, Wojciech"]
[Black "Pytel, Maciej"]
[Result "1-0"]
[WhiteTitle "k"]
[BlackTitle "k"]
[WhiteElo "2050"]
[BlackElo "1919"]

1. Nf3 Nf6 2. b3 g6 3. Bb2 Bg7 4. c4 O-O 5. g3 d6 6. d4 Nbd7 7. Bg2 c5 8. O-O cxd4
9. Nxd4 a6 10. Nc3 Rb8 11. Rc1 Re8 12. Qd2 Nc5 13. Rfd1 Bd7 14. e3 Bg4 15. f3
Bd7 16. Nd5 b5 17. Nxf6+ Bxf6 18. cxb5 axb5 19. b4 Na4 20. Nc6 Bxc6 21. Bxf6 Qd7
22. Ba1 f6 23. h4 Nb6 24. e4 Nc4 25. Qf2 Ra8 26. Bf1 Qb7 27. Bxc4+ bxc4 28. Rxc4
d5 29. Rc5 dxe4 30. b5 e3 31. Qxe3 Bxf3 32. Qe6+ Kf8 33. Rd2 Rad8 34. Bd4 Rd6
35. Qe3 Red8 36. a4 Bh1 37. Rcc2 Be4 38. Rb2 Kg7 39. a5 e5 40. a6 Qa8 41. Bc5
Rd3 42. Qf2 Rf3 43. Qe1 Bd3 44. Bf2 e4 45. a7 e3 46. Bxe3 Rf1+ 47. Qxf1 Bxf1 48.
Rxd8 Qxd8 49. Kxf1 Qd1+ 50. Kg2 Qd5+ 51. Kh2 h5 52. Rd2 Qb7 53. Rd8 Qxb5 54. a8=Q
Qe2+ 55. Qg2 1-0

[Event "Mistrzostwa Polski Juniorow do lat 18 - Chlopcy"]
[Site "Szklarska Poreba"]
[Date "1899-12-30"]
[Round "5.18"]
[White "Dzwierzynski, Bartosz"]
[Black "Rogala, Milosz"]
[Result "1-0"]
[WhiteTitle "I"]
[BlackTitle "I"]
[WhiteElo "1944"]
[BlackElo "1843"]

1. d4 d5 2. c4 c6 3. Nf3 Nf6 4. Nc3 e6 5. e3 Nbd7 6. Bd3 dxc4 7. Bxc4 b5 8. Bd3
Bb7 9. O-O a6 10. e4 c5 11. d5 e5 12. b3 Bd6 13. a4 bxa4 14. Nxa4 Nb6 15. Nxb6
Qxb6 16. Nd2 O-O 17. Nc4 Qc7 18. Bb2 Nd7 19. Qg4 f5 20. Qh3 Rf7 21. Rae1 Re8 22.
f4 Rf6 23. exf5 Bxd5 24. Nxd6 Rxd6 25. Bxe5 Nxe5 26. fxe5 Rh6 27. Qg3 c4 28. bxc4
Bxc4 29. f6 Be6 30. Bf5 Qf7 31. Bxe6 Rxe6 32. fxg7 Qxg7 33. Qb3 Qa7+ 34. Kh1 Kg7
35. Rf3 Qe7 36. Ref1 Rhg6 37. Qa2 Qc7 38. Qf2 Re7 39. Rc3 Qd8 40. Qf5 Qe8 41.
Rc8 Qf7 42. Qd3 Qe6 43. Qd8 Kh6 44. Qf8+ Kh5 45. Rc3 Rg4 46. Rf5+ Kg6 47. Rf6+
1-0

[Event "Mistrzostwa Polski Juniorow do lat 18 - Chlopcy"]
[Site "Szklarska Poreba"]
[Date "1899-12-30"]
[Round "5.19"]
[White "Ossolinski, Ziemowit"]
[Black "Zerebiec, Maurycy"]
[Result "1/2-1/2"]
[WhiteTitle "I+"]
[BlackTitle "I+"]
[WhiteElo "1880"]
[BlackElo "1982"]

1. e4 c5 2. Nf3 e6 3. d4 cxd4 4. Nxd4 Nc6 5. Nc3 Qc7 6. Be3 a6 7. Be2 Nf6 8. O-O
b5 9. Nxc6 dxc6 10. f4 Be7 11. e5 Nd5 12. Nxd5 cxd5 13. c3 Rb8 14. Rc1 Bc5 15.
Bd4 Qa7 16. b4 Bb6 17. Kh1 Bd7 18. a3 g6 19. Qd3 h5 20. Qe3 Kd8 21. Rfd1 Kc7 22.
a4 Rhc8 23. axb5 axb5 24. Ra1 Qb7 25. Qf2 Bxd4 26. cxd4 Kb6 27. Qh4 Bc6 28. h3
Ra8 29. Rxa8 Rxa8 30. Rc1 Ra7 31. Rc5 Qe7 32. Qg3 1/2-1/2

[Event "Mistrzostwa Polski Juniorow do lat 18 - Chlopcy"]
[Site "Szklarska Poreba"]
[Date "1899-12-30"]
[Round "5.20"]
[White "Distel, Pawel"]
[Black "Kulesza, Andrzej"]
[Result "1-0"]
[WhiteTitle "I"]
[BlackTitle "I+"]
[WhiteElo "1950"]
[BlackElo "1928"]

1. e4 c5 2. Nc3 Nc6 3. Bb5 Nd4 4. Bc4 g6 5. Nf3 Bg7 6. Nxd4 cxd4 7. Qf3 e6 8. Nb5
d6 9. Qa3 Ke7 10. c3 dxc3 11. dxc3 a6 12. Be2 e5 13. Bg5+ f6 14. Be3 Bf8 15. Nxd6
1-0

[Event "Mistrzostwa Polski Juniorow do lat 18 - Chlopcy"]
[Site "Szklarska Poreba"]
[Date "1899-12-30"]
[Round "6.1"]
[White "Kosakowski, Jakub"]
[Black "Godzwon, Iwo"]
[Result "1/2-1/2"]
[WhiteTitle "FM"]
[BlackTitle "FM"]
[WhiteElo "2413"]
[BlackElo "2352"]

1. e4 c5 2. Nc3 e6 3. f4 Nc6 4. Nf3 Nge7 5. g3 d5 6. e5 Nf5 7. Bg2 Be7 8. O-O h5
9. d3 a6 10. Ne2 c4 11. d4 b5 12. c3 Qb6 13. h3 Bd7 14. g4 hxg4 15. hxg4 Nh4 16.
Be3 Nxf3+ 17. Bxf3 f6 18. Qd2 O-O-O 19. Kg2 g6 20. exf6 Bxf6 21. Rh1 Rxh1 22.
Rxh1 Rh8 23. Rxh8+ Bxh8 24. Qe1 Qd8 25. Qh1 Qg8 26. a3 Bf6 27. Kf2 Ne7 28. Ng3
Bc6 29. Bd1 Qh8 30. Qxh8+ Bxh8 31. Bc2 Bf6 32. Nf1 Be8 33. Nd2 Nc6 34. Nf3 Kd7
35. Ke2 Ke7 36. g5 Bg7 37. Nh4 Kd6 38. Bxg6 Bxg6 39. Nxg6 Ne7 40. Nh4 Nf5 41.
Bf2 Ke7 42. Ng2 Kf7 43. Kf3 Kg6 44. Kg4 Bf8 45. Ne1 Bd6 46. Nf3 a5 47. Nh4+ 1/2-1/2